|
|
|
|
| LEADER |
01123pam a22002898a 4500 |
| 001 |
00032711 |
| 005 |
20171026081025.0 |
| 008 |
141105s2009 ||||||viesd |
| 020 |
|
|
|c 20000
|
| 041 |
0 |
# |
|a vie
|
| 082 |
1 |
4 |
|a 808.004
|b V308L
|
| 100 |
1 |
# |
|a Đặng, Lương Mô
|
| 245 |
1 |
0 |
|a Viết luận văn khoa học bằng tiếng Anh
|c Đặng Lương Mô
|
| 246 |
0 |
1 |
|a Writing a scientific paper in English
|
| 260 |
# |
# |
|a TP. Hồ Chí Minh
|b Đại học quốc gia TP. Hồ Chí Minh
|c 2009
|
| 300 |
# |
# |
|a 144 tr.
|c 21 cm.
|
| 653 |
# |
# |
|a Bài luận
|
| 653 |
# |
# |
|a Tự học
|
| 653 |
# |
# |
|a Tiếng Anh
|
| 653 |
# |
# |
|a Kỹ năng viết
|
| 852 |
# |
# |
|b Kho mượn
|j KM.0017610, KM.0017611, KM.0017612, KM.0017613, KM.0017614, KM.0017615, KM.0017616, KM.0017617, KM.0017618
|
| 852 |
# |
# |
|j KM.0017613
|j KM.0017612
|j KM.0017614
|j KM.0017615
|j KM.0017617
|j KM.0017618
|j KD.0016177
|j KM.0017610
|j KM.0017611
|j KM.0017616
|
| 852 |
# |
# |
|b Kho đọc
|j KD.0016177
|
| 910 |
# |
# |
|d 5/11/2014
|
| 980 |
# |
# |
|a Trung tâm Học liệu Lê Vũ Hùng, Trường Đại học Đồng Tháp
|